00738 2200193 4500001002100000005001500021035002000036245019300056100001800249250002000267300005000287856002200337700008800359260004000447082000800487084001400495020001800509650001700527INLIS00000000114821520260407095835 a0010-04260000601 aSURAT SAHABAT PRANCIS :bAMERIKA SERIKAT - AUSTRALIA- CINA - JEPAN - JERMAN /cPenulis.; Teresa fisher.; Penerjemaah Rokoyoh Andariana Amin.; Editor.; Tessa Febiani.; dwi ASartika wardhani0 aTeresa fisher aCetakan pertama a32 Halaman :bIlustrasi ;c21 x 28 cmekertas aperpustakaan umum0 aPenerjemaah Rokoyoh Andariana Amin.; Editor.; Tessa Febiani.; dwi ASartika wardhani aJakarta :bErlangga for kids,c2008 a397 a397 TE s a9789790336193 4apersahabatan